| 000 | 00662nam a2200205Ia 4500 | ||
|---|---|---|---|
| 001 | 15843 | ||
| 003 | GE_BSU | ||
| 008 | 181216s||||||||xx |||||||||||||| ||und|| | ||
| 040 | _cGE_BSU | ||
| 080 | _a821.353.1-2 | ||
| 100 | _aხუხაშვილი, გიორგი | ||
| 245 | _aპიესები | ||
| 245 | _cრედ.ნ.ხელაძე მხატვ.გ.ლაფაური. მ. ხუხაშვილი | ||
| 260 | _aთბილისი | ||
| 260 | _bსაქართველოს თეატრ. საზ-ბა | ||
| 260 | _c1987 | ||
| 300 | _a394გვ. ; 20სმ. | ||
| 653 | _aპიესები | ||
| 942 | _cBK | ||
| 999 |
_c48940 _d48940 |
||